| 000 | 01175nam a22002177a 4500 | ||
|---|---|---|---|
| 999 |
_c62124 _d62124 |
||
| 003 | Ge_BSU | ||
| 005 | 20240717130256.0 | ||
| 008 | 240717s2019 ge ||||| |||| 00| 0 geo d | ||
| 020 | _a9789941819803 | ||
| 041 | _ageo | ||
| 080 | _a321.64 ს-61 | ||
| 100 |
_aსნაიდერი, ტიმოთი _eავტორი. _916635 |
||
| 245 |
_aტირანია: _bმეოცე საუკუნის 20 გაკვეთილი = On Tiranny: Twenty Lessons from the Twentieth Century / _cტიმოთი სნაიდერი ; თარგმანი მერი ფიფია ; რედაქტორი ქეთი ქანთარია ; ყდის დიზაინი და დაკაბადონება გვანცა მახათაძე |
||
| 264 |
_aთბილისი : _b Poezia Press, _c2019. |
||
| 300 |
_a108 გვ. ; _b 17 სმ. |
||
| 653 | _aტირანია. | ||
| 653 | _aპოლიტიკა | ||
| 700 |
_aფიფია, მერი _eმთარგმნელი _95806 |
||
| 700 |
_aქანთარია, ქეთი _eრედაქტორი _922854 |
||
| 942 |
_2udc _cBK |
||